Akta Distres 1951 (Akta 255) & Distress Act 1951 (Act 255) : (Hingga 10hb Jun 2005)

Bibliographic Details
Corporate Authors: Malaysia, International Law Book Services. Lembaga Penyelidikan Undang-Undang
Format: Book
Published: Petaling Jaya : ILBS , 2005
Subjects:

MARC

LEADER 00000cam a2200000 7i4500
001 0000018450
005 20061221.0
020 |a 9678904411 
040 |a INS 
090 0 0 |a KPG689.A311951   |b M4 2005 
110 1 |a Malaysia 
240 0 0 |a [Akta Distres 1951 (Akta 255)] 
245 1 0 |a Akta Distres 1951 (Akta 255) & Distress Act 1951 (Act 255) :   |b (Hingga 10hb Jun 2005)   |c disusun oleh Lembaga Penyelidikan Undang-Undang 
260 |a Petaling Jaya :   |b ILBS ,   |c 2005 
300 |a 30 p. ;   |c 24 m. 
650 0 0 |a Distress (Law)   |z Malaysia 
650 0 0 |a Landlord and tenant   |z Malaysia 
710 1 |a International Law Book Services. Lembaga Penyelidikan Undang-Undang 
740 0 |a Undang-Undang Malaysia 
999 |a 0000017814   |b BOOK   |c Acts   |e Default branch